Atlas básico de las religiones

Gorde:
Xehetasun bibliografikoak
Formatua: Liburua
Hizkuntza:gaztelania
Argitaratua: Badalona Parramón-Paidotribo 2012
Edizioa:7a. ed
Gaiak:
Etiketak: Etiketa erantsi
Etiketarik gabe, Izan zaitez lehena erregistro honi etiketa jartzen!

MARC

LEADER 00000cam a2200000 a 4500
001 UCF7553
003 CL-VaPUC
008 130627e20120000SP |||||||||||||||||spa|d
020 |a 9788434226890 
082 0 4 |a 291  |b ATL  |2 21 
245 1 0 |a Atlas básico de las religiones 
250 |a 7a. ed 
300 |a 96 p 
942 |c BK 
945 |d 20130627 00:00:00  |a dcastane 
260 |a Badalona  |b Parramón-Paidotribo  |c 2012 
650 0 |a Mapas  |9 260844 
650 0 |a Religiones  |9 265211 
650 0 |a Historia de las religiones   |9 323406 
583 |a last modification  |c 20130627 13:18:00  |k Rodrigo Vera 
999 |c 352371  |d 352369